[Event "Ljubljana-chT 64th 1st League"]
[Site "Ljubljana"]
[Date "2011.03.10"]
[Round "7.4"]
[White "Djekanovic, Nenad"]
[Black "Cop, Jaka"]
[Result "1/2-1/2"]
[WhiteElo "1630"]
[BlackElo "1632"]
[PlyCount "103"]
[EventDate "2011.01.13"]
[EventType "team-tourn"]
[EventRounds "9"]
[EventCountry "SLO"]
[SourceTitle "EXT 2022"]
[Source "ChessBase"]
[SourceDate "2021.10.06"]
[SourceVersion "1"]
[SourceVersionDate "2021.10.06"]
[SourceQuality "1"]
[WhiteTeam "Zeleznicar"]
[BlackTeam "Ig"]
[WhiteTeamCountry "SLO"]
[BlackTeamCountry "SLO"]

1. b3 d5 2. e3 c5 3. Bb2 Nc6 4. Nf3 Bg4 5. Be2 Nf6 6. Nc3 e6 7. h3 Bh5 8. d4 cxd4 9. Nxd4 Bxe2 10. Ncxe2 Be7 11. Rc1 Qa5+ 12. Bc3 Bb4 13. Bxb4 Qxb4+ 14. c3 Qa5 15. Nxc6 bxc6 16. Qc2 0-0 17. 0-0 h6 18. b4 Qb6 19. a4 Rfe8 20. Rb1 Ne4 21. c4 a5 22. c5 Qa7 23. f3 Nf6 24. Nd4 Nd7 25. Rfc1 axb4 26. Rxb4 Qa5 27. Rb7 Ne5 28. Rb6 Qxa4 29. Qxa4 Rxa4 30. f4 Nc4 31. Rxc6 Raa8 32. Rc8 Rexc8 33. c6 Nd6 34. g4 Kf8 35. Ra1 Rc7 36. Rxa8+ Ke7 37. Kf2 f6 38. Ra6 e5 39. Nf3 Ne4+ 40. Ke2 Kd6 41. fxe5+ fxe5 42. h4 g5 43. hxg5 Nxg5 44. Nh4 Rxc6 45. Nf5+ Kd7 46. Rxc6 Kxc6 47. Nxh6 Kd6 48. Nf5+ Ke6 49. Kf2 Ne4+ 50. Kf3 Nd2+ 51. Ke2 Nc4 52. Kf3 1/2-1/2

[Event "SLO-chT Central 1st League 11th"]
[Site "Slovenia"]
[Date "2010.11.04"]
[Round "7.3"]
[White "Djekanovic, Nenad"]
[Black "Zidaric, Jozef"]
[Result "0-1"]
[WhiteElo "1657"]
[BlackElo "1569"]
[PlyCount "90"]
[EventDate "2010.09.09"]
[EventType "team-tourn"]
[EventRounds "9"]
[EventCountry "SLO"]
[SourceTitle "EXT 2022"]
[Source "ChessBase"]
[SourceDate "2021.10.06"]
[SourceVersion "1"]
[SourceVersionDate "2021.10.06"]
[SourceQuality "1"]
[WhiteTeam "Zeleznicar"]
[BlackTeam "Komenda DU"]
[WhiteTeamCountry "SLO"]
[BlackTeamCountry "SLO"]

1. Nf3 c5 2. b3 Nf6 3. Bb2 e6 4. e3 d5 5. d4 cxd4 6. Nxd4 Nc6 7. Nf3 Bb4+ 8. c3 Be7 9. Bd3 0-0 10. 0-0 Bd7 11. c4 Nb4 12. Be2 dxc4 13. Bxc4 Bc6 14. Nbd2 Qa5 15. Bc3 Qh5 16. a3 Nbd5 17. Bb2 Rad8 18. Be2 Ng4 19. h3 Ngxe3 20. fxe3 Nxe3 21. Qe1 Qc5 22. Kh1 Nxf1 23. Nxf1 Qc2 24. Be5 Qe4 25. Bh2 Rd5 26. Ng3 Qe3 27. b4 a6 28. Bg1 Qf4 29. Bf2 Rfd8 30. Nf1 Rh5 31. Rc1 Rxh3+ 32. gxh3 Bxf3+ 33. Bxf3 Qxf3+ 34. Kh2 h6 35. Rc3 Qd5 36. Bc5 Bf6 37. Re3 b6 38. Bxb6 Qd6+ 39. Qg3 Qxb6 40. Rf3 Qb8 41. Kg2 Qxg3+ 42. Nxg3 Rd2+ 43. Rf2 Rd5 44. Ne4 Be5 45. Rd2 f5 0-1

[Event "Ljubljana-chT 63rd 1st League"]
[Site "Ljubljana"]
[Date "2010.01.14"]
[Round "2.2"]
[White "Konvalinka, Kostja"]
[Black "Djekanovic, Nenad"]
[Result "0-1"]
[WhiteElo "1817"]
[BlackElo "1622"]
[PlyCount "94"]
[EventDate "2010.01.07"]
[EventType "team-tourn"]
[EventRounds "9"]
[EventCountry "SLO"]
[SourceTitle "EXT 2022"]
[Source "ChessBase"]
[SourceDate "2021.10.06"]
[SourceVersion "1"]
[SourceVersionDate "2021.10.06"]
[SourceQuality "1"]

1. e4 d6 2. d4 Nc6 3. Nf3 Nf6 4. d5 Ne5 5. Nxe5 dxe5 6. Bd3 e6 7. c4 c6 8. Qe2 Bd6 9. Bg5 cxd5 10. cxd5 exd5 11. Bb5+ Bd7 12. exd5 Qa5+ 13. Nc3 Nxd5 14. Bxd7+ Kxd7 15. Qg4+ Ke8 16. 0-0 Nxc3 17. Bd2 Qa4 18. Qxg7 Ne2+ 19. Kh1 Rf8 20. Bh6 Qh4 21. Bg5 Qg4 22. Qf6 Qe6 23. Qf3 Nd4 24. Qxb7 Qc8 25. Qd5 Qc6 26. Qa5 Rg8 27. Rac1 Qb7 28. Qa4+ Nb5 29. Qh4 f6 30. f4 fxg5 31. fxg5 Qg7 32. Qe4 Rd8 33. Qc6+ Qd7 34. Qd5 Rxg5 35. Rf3 Nc7 36. Qc4 Qe6 37. Qc6+ Rd7 38. Rcf1 Qd5 39. Qa4 e4 40. Rf7 Nb5 41. R7f2 Qe5 42. g3 e3 43. Re2 Nd4 44. Rg2 Rf5 45. Rd1 e2 46. Qxa7 Rf1+ 47. Rg1 Qe4# 0-1

[Event "Ljubljana-chT 62nd 1st League"]
[Site "Ljubljana"]
[Date "2009.01.15"]
[Round "2.3"]
[White "Abe, Aljaz"]
[Black "Djekanovic, Nenad"]
[Result "0-1"]
[WhiteElo "1618"]
[BlackElo "1575"]
[PlyCount "74"]
[EventDate "2009.01.08"]
[EventType "team-tourn"]
[EventRounds "9"]
[EventCountry "SLO"]
[SourceTitle "EXT 2022"]
[Source "ChessBase"]
[SourceDate "2021.10.06"]
[SourceVersion "1"]
[SourceVersionDate "2021.10.06"]
[SourceQuality "1"]
[WhiteTeam "Loka pri Mengsu"]
[BlackTeam "Zeleznicar"]
[WhiteTeamCountry "SLO"]
[BlackTeamCountry "SLO"]

1. d4 Nf6 2. c4 d5 3. Nc3 g6 4. Nf3 Bg7 5. Bf4 c6 6. e3 Nbd7 7. Bd3 Nh5 8. Bg3 dxc4 9. Bxc4 b5 10. Bb3 Nxg3 11. hxg3 e6 12. 0-0 Bb7 13. Rc1 a5 14. Re1 Nf6 15. Ne2 0-0 16. Ne5 Qd6 17. a3 Nd5 18. Bxd5 Qxd5 19. Nf4 Qd6 20. Nfd3 Rac8 21. Qf3 Ba8 22. Rc5 Rc7 23. Rec1 Rfc8 24. b4 a4 25. R1c2 h5 26. g4 hxg4 27. Qxg4 Kh7 28. Qh4+ Kg8 29. Qe4 g5 30. Qg4 f6 31. Nf3 Bh6 32. e4 Qd7 33. d5 exd5 34. Qxd7 Rxd7 35. exd5 Bf8 36. R5c3 Rxd5 37. Nd2 Rcd8 0-1